header

Beethoven, as revealed in his own words : (Record no. 143466)

MARC details
000 -LEADER
fixed length control field 01511nam a2200373 i 4500
001 - CONTROL NUMBER
control field ebr10803448
003 - CONTROL NUMBER IDENTIFIER
control field CaPaEBR
006 - FIXED-LENGTH DATA ELEMENTS--ADDITIONAL MATERIAL CHARACTERISTICS--GENERAL INFORMATION
fixed length control field m o d
007 - PHYSICAL DESCRIPTION FIXED FIELD--GENERAL INFORMATION
fixed length control field cr cn|||||||||
008 - FIXED-LENGTH DATA ELEMENTS--GENERAL INFORMATION
fixed length control field 140111t19042008nz o 000 1 eng d
020 ## - INTERNATIONAL STANDARD BOOK NUMBER
International Standard Book Number 9781775565529 (e-book)
International Standard Book Number 9781877527500 (e-book)
040 ## - CATALOGING SOURCE
Original cataloging agency CaPaEBR
Language of cataloging eng
Description conventions rda
-- pn
Transcribing agency CaPaEBR
035 ## - SYSTEM CONTROL NUMBER
System control number (OCoLC)891655938
043 ## - GEOGRAPHIC AREA CODE
Geographic area code e-gx---
050 14 - LIBRARY OF CONGRESS CALL NUMBER
Classification number ML410.B4
Item number .B448 1904eb
082 04 - DEWEY DECIMAL CLASSIFICATION NUMBER
Classification number 780.924
Edition number 23
100 1# - MAIN ENTRY--PERSONAL NAME
Personal name Beethoven, Ludwig van,
Dates associated with a name 1770-1827.
245 10 - TITLE STATEMENT
Title Beethoven, as revealed in his own words :
Remainder of title the man and the artist /
Statement of responsibility, etc Ludwig van Beethoven ; edited by Friedrich Kerst.
264 #1 - PRODUCTION, PUBLICATION, DISTRIBUTION, MANUFACTURE, AND COPYRIGHT NOTICE
Place of production, publication, distribution, manufacture [Auckland, New Zealand] :
Name of producer, publisher, distributor, manufacturer Floating Press,
Date of production, publication, distribution, manufacture, or copyright notice 1904.
Date of production, publication, distribution, manufacture, or copyright notice �2008
300 ## - PHYSICAL DESCRIPTION
Extent 1 online resource (152 pages)
336 ## - CONTENT TYPE
Content type term text
Source rdacontent
337 ## - MEDIA TYPE
Media type term computer
Source rdamedia
338 ## - CARRIER TYPE
Carrier type term online resource
Source rdacarrier
588 ## - SOURCE OF DESCRIPTION NOTE
Source of description note Description based on online resource : title from PDF title page (ebrary, viewed January 11, 2014).
590 ## - LOCAL NOTE (RLIN)
Local note Electronic reproduction. Palo Alto, Calif. : ebrary, 2014. Available via World Wide Web. Access may be limited to ebrary affiliated libraries.
600 10 - SUBJECT ADDED ENTRY--PERSONAL NAME
Personal name Beethoven, Ludwig van,
Dates associated with a name 1770-1827.
650 #0 - SUBJECT ADDED ENTRY--TOPICAL TERM
Topical term or geographic name as entry element Composers
Geographic subdivision Germany
Form subdivision Biography.
655 #0 - INDEX TERM--GENRE/FORM
Genre/form data or focus term Electronic books.
700 1# - ADDED ENTRY--PERSONAL NAME
Personal name Kerst, Friedrich,
Dates associated with a name 1870-1961.
797 2# - LOCAL ADDED ENTRY--CORPORATE NAME (RLIN)
Corporate name or jurisdiction name as entry element ebrary.
856 40 - ELECTRONIC LOCATION AND ACCESS
Uniform Resource Identifier <a href="http://site.ebrary.com/lib/rucke/Doc?id=10803448">http://site.ebrary.com/lib/rucke/Doc?id=10803448</a>
Public note An electronic book accessible through the World Wide Web; click to view

No items available.

© 2026 Rongo University
Contact us: librarian | system librarian | Rongo university